| 000 | 00627nam a2200193Ia 4500 | ||
|---|---|---|---|
| 003 | OSt | ||
| 005 | 20260424145228.0 | ||
| 008 | 210210b1987 xxu||||| |||| 00| 0 eng d | ||
| 040 | _cAL | ||
| 041 | _aKannada | ||
| 082 | _aT894.1 VENK | ||
| 100 |
_aVENKATARAJA PUNINCHATHAYA. _dವೆಂಕಟರಾಜ ಪುಣಿಂಚಿತ್ತಾಯ _9262631 |
||
| 245 |
_aKaveri:Prachina tulu kavya. _bಕಾವೇರಿ:ಪ್ರಾಚೀನ ತುಳು ಕಾವ್ಯ |
||
| 260 |
_aUdupi _bRashtrakavi Govinda Pai Samshodhana Kendra _c1987 |
||
| 300 | _a64 | ||
| 690 |
_aTulu Poetry _9262632 |
||
| 906 | _a040293 | ||
| 942 |
_2ddc _cBK |
||
| 999 |
_c90552 _d90552 |
||